000 01083nas a2200265 454500
001 41553
005 20260407193511.0
008 260407s1982####ag###########|||spa#d
003 AR-UNSa-BCEJYS
040 _aAR-UNSa-BCEJYS
_bspa
_cAR-UNSa-BCEJYS
080 _a330.101
_xCiencia económica en general. La economía y sus problemas. Objeto y métodos de la economía política
245 1 0 _aPensamiento iberoamericano
_prevista de economía política
022 _a0212-0208
264 1 _aMadrid :
_bAgencia Española de Cooperación Iberoamericana
_c1982
310 _aFrecuencia: Semestral Cada número dedicado a un tema específico Editor varía: Instituto de Cooperación Iberoamericana, 1982-1993
041 _aspa
942 _cSER
590 _aniveau_biblio:s niveau_hierar:1
100 1 _aInstituto de Cooperación Iberoamericana (ICI)
650 _aCiencias sociales
650 _aECONOMIA
650 _aECONOMIA INTERNACIONAL
650 _aECONOMIA POLITICA
856 4 1 _uhttps://biblioeco.unsa.edu.ar/pmb/images/revistas/R20720.jpg
_yImagen de portada
_qimage/jpeg
999 _c8886
_d8886